| 000 | 00442 a2200121 4500 | ||
|---|---|---|---|
| 001 | ART_34368 | ||
| 005 | 20260410162004.0 | ||
| 008 | 260409a | ||
| 245 | 1 | 0 | _aModelos mixtos generalizados para el estudio del desempleo en los grandes aglomerados ubanos de Argentina |
| 100 | 1 | _aDíaz, Margarita | |
| 700 | 1 | _aGarcía, Fernando | |
| 773 | 0 |
_tRevista de economía y estadística _g- Vol. XLIX, Nº 1 (jun. 2011) _wREV34359 |
|
| 999 |
_c31590 _d31590 |
||